Spelling Made Easy: Level 2 Textbook (Record no. 48976)
| 000 -LEADER | |
|---|---|
| fixed length control field | 00361nam a22001217a 4500 |
| 008 - FIXED-LENGTH DATA ELEMENTS--GENERAL INFORMATION | |
| fixed length control field | 250630b |||||||| |||| 00| 0 eng d |
| 020 ## - INTERNATIONAL STANDARD BOOK NUMBER | |
| International Standard Book Number | 9781904421023 |
| 100 ## - MAIN ENTRY--PERSONAL NAME | |
| Personal name | Violet Brand (Author) |
| 9 (RLIN) | 86357 |
| 245 ## - TITLE STATEMENT | |
| Title | Spelling Made Easy: Level 2 Textbook |
| 260 ## - PUBLICATION, DISTRIBUTION, ETC. (IMPRINT) | |
| Place of publication, distribution, etc | England |
| Name of publisher, distributor, etc | Egon Publishers |
| Date of publication, distribution, etc | 1984 |
| 300 ## - PHYSICAL DESCRIPTION | |
| Extent | 82 p |
| Other physical details | col. ill. |
| Dimensions | 8.5 x 0.28 x 5.79 inches |
| 942 ## - ADDED ENTRY ELEMENTS (KOHA) | |
| Source of classification or shelving scheme | |
| Withdrawn status | Lost status | Source of classification or shelving scheme | Damaged status | Not for loan | Collection code | Home library | Current library | Date acquired | Total Checkouts | Full call number | Barcode | Date last seen | Price effective from | Koha item type |
|---|---|---|---|---|---|---|---|---|---|---|---|---|---|---|
| Non-Fiction | Asian Hope Siem Reap | Asian Hope Siem Reap | 06/30/2025 | NFIC VIO | 208253 | 06/30/2025 | 06/30/2025 | Book |